Top 10 deutsche Nomen in Romanen - Statistiken

Allgemein
  • Dieses Quiz wurde 142 mal gespielt
  • Das Durchschnittsergebnis liegt bei 4 aus 10
Antwortstatistiken
Platz Nomen % Korrekt
2 Frau
83%
1 Mann
83%
3 Hand
31%
4 Tag
31%
10 Mutter
29%
5 Auge
27%
8 Kopf
27%
7 Jahr
25%
6 Zeit
20%
9 Gesicht
12%
Keine übereinstimmenden Quizze gefunden
Verteilung der Resultate
Anzahl Personen mit jedem Resultat
Perzentil nach korrekt beantworteten Fragen
Ihre Resultats-Entwicklung
Sie haben dieses Quiz noch nicht gespielt